Stokovanie a čistenie odpadových vôd : Stokovanie III. Kanalizačné rúry.Stavba, prevádzka a obnova stôk.
Guardado en:
| Autores principales: | , , |
|---|---|
| Formato: | Libro |
| Lenguaje: | eslovaco |
| Publicado: |
Bratislava :
STU v Bratislave,
2011
|
| Edición: | 1. vyd. - 1. dotlač |
| Etiquetas: |
Sin Etiquetas, Sea el primero en etiquetar este registro!
|
MARC
| LEADER | 00000nam a22000003a 4500 | ||
|---|---|---|---|
| 001 | stu246070 | ||
| 005 | 20150617230157.7 | ||
| 008 | 120426s2011----xo------------------slo-d | ||
| 020 | |a 978-80-227-3436-3 | ||
| 040 | |a STU |b slo | ||
| 041 | 0 | |a slo | |
| 044 | |a xo | ||
| 080 | |a 628.3(075.8) | ||
| 100 | 1 | |a Rusnák, Dušan, |d 1952- |4 aut |u V280 |U SvF Stavebná fakulta |T SvF Katedra zdravotného inžinierstva |X 719 |U V280 |Y 29 |7 A000000719 | |
| 245 | 1 | |a Stokovanie a čistenie odpadových vôd : |b Stokovanie III. Kanalizačné rúry.Stavba, prevádzka a obnova stôk. | |
| 250 | |a 1. vyd. - 1. dotlač | ||
| 260 | |a Bratislava : |b STU v Bratislave, |c 2011 | ||
| 300 | |a 186 s | ||
| 700 | 1 | |a Urcikán, Pavel, |d 1929- |4 aut |u V280 |U SvF Stavebná fakulta |T SvF Katedra zdravotného inžinierstva |X 3042 |U V280 |Y 29 |7 A000003042 | |
| 700 | 1 | |a Stanko, Štefan, |d 1964- |4 aut |u V280 |U SvF Stavebná fakulta |T SvF Katedra zdravotného inžinierstva |X 2740 |U V280 |Y 29 |7 A000002740 | |
| 996 | |b 284V032099 |c V*43107/S-12 |l VVS |s A |a 24 |w stu246070_0001 | ||
| 996 | |b 284V032098 |c V*43106/S-12 |l VVS |s A |a 24 |w stu246070_0002 | ||
| 996 | |b 284V032097 |c V*43105/S-12 |l VVS |s A |a 24 |w stu246070_0003 | ||
| 996 | |b 284V032096 |c V*43104/S-12 |l VVS |s A |a 24 |w stu246070_0004 | ||
| 996 | |b 284V032095 |c V*43103/S-12 |l VVS |s A |a 24 |w stu246070_0005 | ||
| 996 | |b 284V032094 |c V*43102/S-12 |l VVS |s A |a 24 |w stu246070_0006 | ||
| 996 | |b 284V032093 |c V*43101/S-12 |l VVT |s A |a 24 |w stu246070_0007 | ||